Представление документа в формате MARC21

Поле Инд. ПП Название Значение
Тип записи a
Библиографический уровень a
001 Контрольный номер a0998d853ee04bcbb3f66f90a909a6e0
005 Дата корректировки 20231207084245.8
020 a ISBN 978-5-7310-4859-0
040 a Служба первич. каталог. НБ ТвГУ
b Код языка каталог. rus
e Правила каталог. PSBO
041 0_ a Код языка текста rus
097 b Оператор Komarova.ES
100 1_ a Автор Гончарова В. В.
245 10 a Заглавие Библиография лексикографии
260 a Место издания Санкт-Петербург
b Издательство Санкт-Петербургский государственный экономический университет
504 a Библиография Библиогр.: с. 112-113 (14 назв.)
520 0_ a Аннотация Данная статья представляет собой алфавитный библиографический список лексикографических изданий, фиксирующих лингвистическую терминологию, вышедших на территории Российской Федерации с 1985 по 2019 г.
653 0_ a Ключевые слова Санкт-Петербург, город
a Ключевые слова Терминология
a Ключевые слова Библиография
a Ключевые слова Словарь
a Ключевые слова Лексикография
773 18 w Контрольный № источника 09834a8e6a8b42ed9c2a139f4e6fab6c
t Название источника Лексикографическая копилка
d Место и дата издания Санкт-Петербург : Санкт-Петербургский государственный экономический университет, 2020
g Прочая информация Вып. 10. - С. 102-113
901 t Тип документа a
920 a Оператор Кома
954 b Дата поступления в ОК 20231207